[Event "Treppenturnier 2023"]
[Site "Turnierstufe"]
[Date "2024.06.26"]
[Round "34-1"]
[White "Explorer Pro"]
[Black "Mach III 20 MHz"]
[Result "0-1"]
[WhiteElo "2069"]
[BlackElo "2029"]
[PlyCount "103"]

1.e4 e5 2.Nf3 Nc6 3.Bc4 Nf6 4.d3 {Buchende.} 4...Be7 5.O-O O-O 6.Nc3 d6 7.Be3 
Bg4 {Buchende.} 8.a4 Qd7 9.h3 Bh5 10.Nd5 Nxd5 11.Bxd5 Nb4 12.Nxe5 dxe5 13.Qxh5 
Nxd5 14.exd5 Qxd5 15.f4 Bc5 16.Bxc5 Qxc5+ 17.Rf2 f5 18.fxe5 Qxe5 19.c3 Qe3 
20.Qe2 Rae8 21.Re1 f4 22.d4 $2 ( {ExPro erkennt nicht, dass er recht schnell
einen Bauern gewinnen kann:} 22.Qxe3 fxe3 23.Rfe2 Rf4 24.b3 Rf6 25.Rxe3 Rxe3 
26.Rxe3 {...} ) 22...Re6 23.Qxe3 fxe3 24.Rxf8+ Kxf8 25.Kf1 Rf6+ 26.Ke2 Rf2+ 
27.Kxe3 Rxg2 28.Rf1+ Ke7 29.b3 Rg3+ 30.Rf3 Rxf3+ 31.Kxf3 a5 {Der beste Zug, aber
für beide Parteien ist wohl kaum ein Gewinnweg zu finden.} 32.Kg3 Kf6 33.Kg4 g6 
34.h4 $2 h6 $1 {Richtig.} 35.Kf4 $2 {ExPro ist wahrlich kein Endspielriese.} 
35...g5+ {Natürlich.} 36.hxg5+ hxg5+ 37.Kg4 Kg6 {Geht in Opposition, es ist aber
leider der falsche Zug.} ( {Es gewinnt nur} 37...c6 $1 {und z.B.} 38.Kg3 ( 
38.c4 Kg6 39.d5 cxd5 40.cxd5 Kf6 41.d6 Ke6 42.d7 Kxd7 43.Kxg5 Kd6 44.Kf5 Kc5 
{...} ) 38...Kf5 39.Kf3 g4+ 40.Ke3 g3 41.Kf3 g2 42.Kxg2 Ke4 43.Kf2 Kd3 {... Das
kann der Mach III aber nicht erkennen.} ) 38.b4 axb4 39.cxb4 c6 40.b5 $2 
{Verlustzug.} 40...cxb5 41.axb5 b6 42.Kg3 {Nun wird's ExPro unbehaglich:(-0.7)} 
42...Kf5 {(+3.16)} 43.Kf3 g4+ 44.Ke3 Ke6 45.Ke4 g3 46.Kf3 Kd5 47.Kxg3 Kxd4 
48.Kf4 Kc4 {(+8.41)} 49.Ke4 {(-0.9)??} 49...Kxb5 50.Kd4 Kb4 51.Kd5 b5 52.Kd4 
{Jetzt sieht ExPro auch, dass der Bauer zur Dame wird. (-8.4)} 0-1

[Event "Treppenturnier 2023"]
[Site "Turnierstufe"]
[Date "2024.06.27"]
[Round "34-2"]
[White "Mach III 20 MHz"]
[Black "Explorer Pro"]
[Result "1/2-1/2"]
[WhiteElo "2040"]
[BlackElo "2058"]
[PlyCount "96"]

1.e4 c5 2.Nf3 e6 3.d4 cxd4 4.Nxd4 Nf6 5.Nc3 Nc6 {Buchende.} 6.Ndb5 Bb4 7.a3 
Bxc3+ 8.Nxc3 d5 9.exd5 {Buchende.} 9...Nxd5 10.Nxd5 exd5 11.Qe2+ Be6 12.Qb5 Qc7 
13.Bd3 O-O 14.Be3 Ne5 15.O-O-O Rac8 16.Kb1 a6 17.Qb6 Nxd3 18.Qxc7 Rxc7 19.Rxd3 
Bf5 20.Rd2 Rfc8 21.Rc1 b5 22.Bd4 h6 23.Bc3 Rd7 24.Rd4 $10 Re8 25.a4 Re2 26.axb5 
axb5 27.Rd2 Rxd2 28.Bxd2 d4 29.Ba5 d3 30.cxd3 Rxd3 31.Ka2 Be6+ 32.Kb1 Kh7 
33.Bc3 Bd5 34.Re1 Bxg2 35.Rg1 Be4 36.Rxg7+ Kh8 37.Rg4+ Rxc3+ 38.Rxe4 Rh3 39.Rf4 
Rxh2 $6 ( {Mit} 39...Kg7 {und z.B.} 40.Rg4+ Kf6 41.Rf4+ Kg6 42.Rg4+ Kf5 43.Rb4 
Rxh2 44.Rxb5+ Kg6 45.Rb6+ f6 46.Kc2 Rxf2+ {... hätte Schwarz noch Siegchancen
gehabt.} ) 40.Rxf7 Kg8 41.Rb7 Rxf2 42.Rxb5 Kf7 43.b4 Kg6 44.Rc5 h5 45.b5 h4 
46.Rc3 Rf5 47.Rb3 h3 48.Rxh3 Rxb5+ {und remis.} 1/2-1/2

[Event "Treppenturnier 2023"]
[Site "Turnierstufe"]
[Date "2024.06.30"]
[Round "34-3"]
[White "Explorer Pro"]
[Black "Mach III 20 MHz"]
[Result "1-0"]
[WhiteElo "2057"]
[BlackElo "2041"]
[PlyCount "113"]

1.e4 e5 2.Nf3 Nc6 3.Bb5 a6 4.Ba4 Nf6 5.d4 {Buchende.} 5...Nxe4 {Buchende.} 6.d5 
( 6.Qe2 $1 ) 6...Nc5 7.dxc6 Nxa4 8.Nxe5 d6 9.Qf3 dxe5 10.cxb7 Bxb7 11.Qxb7 Nc5 
12.Qc6+ Nd7 13.O-O Bd6 14.Rd1 O-O 15.Na3 Re8 16.Nc4 Re6 17.Nxd6 Nf6 18.c4 cxd6 
19.Qf3 Rc8 20.b3 Qc7 21.Ba3 Qb6 22.Rac1 Qc6 23.Rc3 e4 24.Qf4 Rd8 25.Rg3 Kh8 
{Für seine schlechte Bauernstruktur muss Schwarz nun Tribut zollen.} 26.Bb2 $1 
Rde8 $2 27.Rxg7 $1 {Den hat Mach III nicht kommen sehen, obwohl 'nur' 8 HZ zu
berechnen sind.} 27...Kxg7 28.Qg5+ Kf8 29.Bxf6 Rxf6 30.Qxf6 Re6 31.Qh8+ Ke7 
32.Qxh7 Qc5 33.Qh4+ Kd7 34.Qf4 f6 35.Rd5 Qa3 36.Qd2 Re5 37.Rxe5 fxe5 38.h4 Ke7 
39.h5 Kf6 40.Kh2 Kf7 41.g4 Qc5 42.Kg3 a5 43.g5 Kg8 44.g6 Qd4 45.Qh6 Qa7 46.Qg5 
Qg7 47.h6 ( {Einfach:} 47.Qd8+ Qf8 48.Qxf8+ Kxf8 49.h6 a4 50.bxa4 d5 51.cxd5 
Ke7 52.h7 e3 53.fxe3 {...} ) 47...Qf8 48.Kg2 Qc8 49.c5 Qf8 50.g7 Qe8 51.cxd6 e3 
52.d7 Qa8+ 53.Kg3 {Mattankündigung.} 53...Kh7 54.d8=Q Qxd8 55.Qxd8 Kxh6 56.g8=Q 
exf2 57.Qdg5# 1-0

[Event "Treppenturnier 2023"]
[Site "Turnierstufe"]
[Date "2024.07.01"]
[Round "34-4"]
[White "Mach III 20 MHz"]
[Black "Explorer Pro"]
[Result "1-0"]
[WhiteElo "2031"]
[BlackElo "2067"]
[PlyCount "154"]

1.e4 e5 2.Nf3 Nc6 3.Bb5 a6 4.Ba4 d6 {Buchende.} 5.c3 {Buchende.} 5...Nf6 6.d4 
exd4 7.cxd4 Qe7 $6 {Fragwürdig.} 8.Bxc6+ ( {Jetzt gehen schon vorteilhafte -
allerdings sehr, sehr tiefe - Wendungen wie z.B.:} 8.O-O b5 9.Bc2 Bg4 10.Be3 
Nb4 11.Nbd2 c5 12.a4 cxd4 13.Bxd4 Rc8 14.Bb1 Nc6 15.Be3 Qb7 16.axb5 axb5 17.h3 
Be6 18.Nd4 Be7 19.Nxe6 fxe6 20.Nf3 Ne5 21.Ng5 Nc4 22.Nxe6 {...} ) 8...bxc6 9.e5 
Bg4 10.Qc2 Bxf3 11.gxf3 c5 12.f4 Rd8 13.Qe2 Ng8 14.Nc3 d5 15.Qxa6 cxd4 16.Nb5 
Rb8 17.Qc6+ Qd7 18.Qxd7+ Kxd7 19.Nxd4 c5 20.Nf3 g6 21.b3 Kc6 22.Rg1 Ra8 23.Bd2 
Nh6 24.a4 Nf5 25.a5 Kb5 26.Kf1 Bg7 27.Kg2 Rhe8 28.Rgc1 Rec8 29.Rc2 h5 30.h3 $6 
{Was bezweckt Mach III mit diesem Zug? Im Folgenden haben beide keinen Plan...} 
( {Einfach} 30.Rac1 {.} ) 30...Rc7 31.Rd1 Rd7 32.Rb1 Bf8 $10 33.Ra1 Re7 34.Ng5 
Nd4 35.Rb2 Nc6 36.Rba2 Rea7 37.Rc1 h4 38.Be1 Nb4 39.Bxb4 Kxb4 40.Rd2 d4 41.Rd3 
Re7 42.Nh7 Bg7 43.Ng5 Rea7 44.Rc4+ Kb5 45.Rd2 Bh6 46.Ne4 Bf8 47.Rdc2 Rd8 $6 
48.Nxc5 {Für den Fidelity zahlt sich das Lavieren aus.} 48...d3 $2 {Horizont
...} ( 48...Bxc5 49.Rxc5+ Kb4 50.Kf3 d3 51.R5c4+ Ka3 52.Rd2 Kxb3 {... hätte noch
Chancen gehabt.} ) 49.Nxd3 Rxd3 50.Rc8 Rb7 51.Rxf8 Kxa5 52.Rh8 Rdxb3 53.Rxh4 
Kb5 {Sinnlos.} 54.f5 gxf5 55.Rf4 Rb1 56.Rxf5 Ka4 57.Rf6 Kb3 58.Rfc6 Re1 59.f4 ( 
59.Rc1 $1 {macht's einfacher und schneller.} 59...Rxc1 60.Rxc1 Re7 61.f4 {...} 
) 59...Rb4 60.R6c3+ Ka4 {Rest der Partie in je 1 Stunde.} 61.Rc4 Re2+ 62.Kg3 
Rxc2 63.Rxc2 Rb7 64.Kg4 Kb3 65.Rc6 Ka4 66.Kg5 Kb4 67.h4 Kb5 68.Rf6 Kc4 69.h5 
Rb8 70.Rxf7 Rg8+ 71.Kf5 Rh8 72.Kg6 Rg8+ 73.Rg7 Ra8 74.f5 Kb5 75.h6 Ra4 76.h7 
Rg4+ 77.Kf7 {(+9.99)} 77...Rc4 {(9.99) Aufgabe.} 1-0

[Event "Treppenturnier 2023"]
[Site "Turnierstufe"]
[Date "2024.07.04"]
[Round "35-1"]
[White "Mach III 20 MHz"]
[Black "Scorpio sel. 4"]
[Result "0-1"]
[WhiteElo "2042"]
[BlackElo "2044"]
[PlyCount "116"]

1.d4 d6 2.c4 g6 3.Nc3 Bg7 4.e4 Nf6 5.Nf3 {Buchende.} 5...c5 {Buchende.} 6.dxc5 
Qa5 7.Nd2 Qxc5 8.Be2 Qg5 $6 {Gar nicht schön. Scorpio erwartet 9. Kf1?} 9.Qa4+ 
$6 {Beantwortet einen fragwürdigen Zug mit einem ebensolchen.} 9...Bd7 10.Qb3 
Qxg2 $6 11.Bf3 Qh3 {(-2.02)} 12.e5 Bc6 13.Bxc6+ Nxc6 14.Qxb7 $6 ( {Warum nicht?} 
14.exf6 Qe6+ 15.Nde4 Bxf6 16.Be3 {...} ) 14...Rc8 15.exf6 Bxf6 {und Schwarz hat
einen Springer weniger.} 16.Nb5 O-O 17.Nxa7 Nxa7 18.Qxa7 Qg2 19.Rf1 Qxh2 20.a4 
h5 ( 20...d5 $1 21.cxd5 ( 21.Qe3 dxc4 22.Ne4 Rfd8 23.Qf4 Qh5 24.f3 {...} ) 
21...Rfd8 22.Qe3 Rxd5 23.Ne4 Qh4 24.Qe2 {... und es ist mindestens ein Remis.} 
) 21.Qe3 Rb8 22.Ra2 Rfc8 23.Nf3 Qh3 {(-1.97)} 24.b3 {(+2.12)} 24...d5 $1 25.Nd2 
Qf5 26.Rg1 dxc4 27.bxc4 Rc5 28.Kf1 Rb4 29.Qa3 Bd4 30.Rg2 Rb6 31.Qg3 Re5 $1 
{Jetzt wird's eng für den Fidelity.} 32.Rh2 $2 {Verlustzug.} ( {Aber auch nach} 
32.Qf3 {dürfte die Partie unhaltbar sein:} 32...Rb1 33.Rg3 ( 33.Qd1 Qd3+ 34.Kg1 
Re2 {...} ) 33...Rxc1+ 34.Kg2 Qe6 35.Nb3 Rxc4 36.Nxd4 Rxd4 37.Rc2 Kg7 {...} ) 
32...Rbe6 {Auch Scorpio spielt nicht das Beste.} ( 32...Re3 $1 33.f3 Be5 34.Qf2 
Qd3+ 35.Kg2 Re2 36.Ne4 Rxf2+ 37.Rxf2 Bxh2 38.Kxh2 Qxc4 {... und gewinnt.} ) 
33.Bb2 Re1+ 34.Kg2 R6e4 35.Rh4 Rxh4 36.Qxh4 Bxf2 {Erstmals zeigt Scorpio eine
positive Bewertung: (+0,62)} 37.Qxf2 ( {Jeder andere Zug führt spätestens zu
einem Matt in 9:} 37.Nf3 Bxh4 38.Nxe1 Qf2+ 39.Kh1 Qxe1+ 40.Kg2 Qf2+ 41.Kh1 Qf3+ 
42.Kg1 Bf2+ 43.Kf1 Be3+ 44.Ke1 Qf2+ 45.Kd1 Qd2# ) ( 37.Be5 Rg1+ 38.Kh2 Qxe5+ 
39.Kh3 Qe3+ 40.Kh2 Bg3+ 41.Kh3 Qe6+ 42.Qg4 Qxg4# ) ( 37.Qh2 Qg4+ 38.Kxf2 Re2+ 
39.Kf1 Rxh2 40.Ra1 Qg2+ 41.Ke1 Qe2# ) ( 37.Ra1 Re2 38.Re1 Bxe1+ 39.Kg1 Bxh4 
40.Nf1 Qf2+ 41.Kh1 Qg2# ) 37...Qg4+ $1 38.Kh2 {(-0.30)} 38...Re2 {(+1.86)} 
39.Bd4 e5 $1 40.Bb6 Rxf2+ 41.Bxf2 Qe2 {(+3.53)} 42.Kg1 {(-2.99)} 42...h4 
{gewinnt auch.} ( {Noch stärker ist} 42...e4 $1 {und z.B.} 43.a5 h4 44.Ra3 Qxd2 
45.Re3 f5 46.a6 Qa2 47.Bxh4 Qxa6 48.Bg5 Qxc4 {...} ) 43.Rb2 h3 44.Rb8+ Kg7 
45.Nf1 Qf3 46.Ne3 h2+ 47.Kxh2 Qxf2+ 48.Ng2 f5 $1 49.Rb7+ Kf6 50.Rb3 f4 51.Kh1 
f3 52.Ne3 Kg5 {Der König ist eine starke Figur.} 53.c5 Kf4 54.Rb4+ Kg3 
{Mattankündigung.} 55.Rg4+ Kh3 56.Nf1 Kxg4 57.Nh2+ Kg3 58.Nxf3 Qg2# 0-1

[Event "Treppenturnier 2023"]
[Site "Turnierstufe"]
[Date "2024.07.06"]
[Round "35-2"]
[White "Scorpio sel. 4"]
[Black "Mach III 20 MHz"]
[Result "1/2-1/2"]
[WhiteElo "2054"]
[BlackElo "2032"]
[PlyCount "169"]

1.e4 c5 2.Nf3 d6 3.d4 cxd4 4.Nxd4 Nf6 5.Nc3 Nc6 6.Bg5 e6 7.Qd2 a6 8.O-O-O Bd7 
9.f4 Be7 10.Nf3 b5 11.Bxf6 gxf6 {Buchende.} 12.f5 exf5 $6 {Scorpio 'weiss', dass
sein Gegner so spielt und hat noch Antworten gespeichert.} ( 12...Qb6 ) 13.exf5 
Bxf5 14.Bd3 Bxd3 15.Qxd3 Ne5 16.Qe4 {Buchende und Scorpio ist bereits im
Vorteil.} 16...Rc8 17.Nd5 Rc4 18.Qf5 Rc5 19.Rhe1 h6 20.Rf1 Rg8 21.Nxe5 Rg5 
22.Qh7 Rxe5 23.Qg8+ Kd7 24.Qxf7 Re2 25.c3 Re5 {Und wieder Rückzug.} 26.Nb4 Rc4 
{Die schwarze Stellung ist löchrig wie ein Emmentaler.} 27.Rxd6+ ( {Stärker
noch:} 27.Nd3 $1 ) 27...Kxd6 28.Rd1+ Kc7 29.Nxa6+ Kb6 30.Rxd8 Bxd8 31.Nb4 Re1+ 
32.Kc2 Re2+ 33.Kb3 Re5 34.Qd7 Bc7 35.Nd5+ ( {Der stärkste Zug ist
unspektakulär:} 35.a4 $1 {Dagegen ist kein Kraut gewachsen.} ) 35...Rxd5 
36.Qxd5 Bxh2 37.Qd8+ Kb7 38.Qxf6 Bf4 39.g3 Bg5 40.Qd6 Ka7 41.Kc2 Kb7 42.Kd3 Rc6 
43.Qd7+ Kb6 44.Ke4 Rc7 45.Qd4+ Kb7 46.Qd5+ Kb6 47.b3 Re7+ 48.Kf5 Rc7 49.a4 bxa4 
50.Qd4+ Rc5+ 51.Ke6 axb3 52.Kd6 Be7+ 53.Kxe7 b2 54.Qg1 ( {So weit können die
Beiden nicht rechen und das Wissen haben sie nicht:} 54.Kd6 b1=Q 55.Qxc5+ Ka6 
56.Qc6+ Ka7 57.Qa4+ Kb6 58.Qb4+ {usw.} ) 54...Ka6 55.Qb1 ( {Erneut} 55.Qxc5 $1 
b1=Q 56.Qa3+ Kb5 57.Qb4+ {...} ) 55...Rb5 56.Kd6 Rb6+ 57.Kc7 Rb7+ 58.Kc6 Rb6+ 
59.Kc5 {Traurig. Die Dame muss b1 bewachen. Es riecht nach Remis.} 59...Rb5+ 
60.Kd4 Ka7 {Rest in je 1 Stunde.} 61.c4 Rb4 62.Kc5 Rb6 63.Kd5 Ka6 64.c5 Rb4 
65.Kd6 Kb5 66.c6 Rd4+ 67.Kc7 Rb4 68.Kd6 Rd4+ 69.Ke5 Rc4 70.Qd3 Kb4 71.Kd6 Rc1 
72.Qd4+ Ka3 73.Qa7+ Kb3 74.Qb6+ Ka2 75.Qa6+ Kb3 76.Qb5+ Ka3 77.Qa5+ Kb3 78.Qd5+ 
Ka3 79.Qf3+ Ka2 80.Qe2 Ka3 81.Qe3+ Ka2 82.Qe2 Ka3 83.Qe3+ {Scorpio denkt lange
nach und scheint das Remis zu akzeptieren. Er zeigt bis kurz vor Zugausgabe
(00.01) an, um dann im letzten Moment auf (+05.17) umzuschwenken.} 83...Ka2 
84.Qe6+ {(+00.01)} 84...Ka3 {(0.00)} 85.Qe3+ {Remis 3x.} 1/2-1/2

[Event "Treppenturnier 2023"]
[Site "Turnierstufe"]
[Date "2024.07.08"]
[Round "35-3"]
[White "Mach III 20 MHz"]
[Black "Scorpio sel. 4"]
[Result "0-1"]
[WhiteElo "2033"]
[BlackElo "2053"]
[PlyCount "154"]

1.e4 e5 2.Nf3 Nc6 3.Bb5 d6 4.d4 Bd7 5.Nc3 exd4 6.Nxd4 g6 7.Be3 Bg7 8.Qd2 Nf6 
9.Bxc6 bxc6 10.Bh6 {Buchende.} 10...O-O {Buchende.} 11.Bxg7 Kxg7 12.O-O-O Re8 
13.Rhe1 a5 14.f4 a4 15.Nf3 a3 {Scorpio spielt zielstrebig...} 16.e5 ( {Besser:} 
16.b3 ) 16...axb2+ 17.Kxb2 $6 ( {Richtig:} 17.Kb1 ) 17...Nd5 18.exd6 $2 {... und
Mach III übersieht eine Kombination.} 18...Qf6 $1 19.Rxe8 $2 Nxc3 $1 20.Qxc3 
Rxa2+ $1 21.Kxa2 Qxc3 22.Kb1 {Noch der beste Zug.} 22...Qb4+ 23.Ka2 Qa5+ 24.Kb2 
Bxe8 25.d7 Qb4+ 26.Ka2 Bxd7 27.Rxd7 Qxf4 28.Kb2 Qb4+ 29.Kc1 c5 30.h3 Kf6 
{Scorpio geht gerne recht früh mit dem König auf Wanderschaft.} 31.Rd1 h6 
32.Re1 c4 33.Re4 Qc3 $2 {Ein Fragezeichen, weil die Dame im Folgenden hier wie
festgeklebt stehen bleibt (bleiben muss). Weiß bestimmt das Geschehen und der
schwarze König taumelt über das Brett.} 34.Kd1 h5 35.Rd4 Ke7 36.Re4+ Kd6 
37.Rd4+ Ke6 38.Re4+ Kd5 39.Re7 f6 40.Rxc7 {Scorpio weiß mit seiner
Gewinnstellung nicht viel anzufangen.} 40...Ke6 41.Rc6+ Kd7 42.Rc5 Ke7 43.Rc7+ 
Kd6 44.Rc8 h4 45.Ra8 Kd7 46.Ra4 Ke6 47.Ra7 g5 48.Ra6+ Kf5 49.Ra4 Kg6 50.Ra8 Kf7 
51.Ra7+ Ke8 52.Ra8+ Kd7 53.Ra7+ Kc6 54.Ra6+ Kc5 55.Ra8 Kb6 56.Rd8 Kc7 57.Rd4 
Kc6 58.Re4 Kd5 59.Rd4+ $4 Kc5 $4 ( {Auweia! Sie sehen es beide nicht:} 
59...Qxd4+ 60.Nxd4 Kxd4 {... und Schwarz gewinnt natürlich.} ) 60.Rd8 Kb4 {Rest
in je 1 Stunde.} 61.Rd7 $2 {Mach III ist unachtsam ...} 61...Qe3 {... und sie
bewegt sich doch noch!} 62.Rd6 g4 63.Ne1 gxh3 64.gxh3 Kc3 65.Rd8 f5 66.Rd5 Qxh3 
67.Ke2 Qg4+ 68.Kf2 h3 69.Nf3 Qg2+ 70.Ke3 h2 71.Rd1 Kxc2 72.Ra1 h1=Q 73.Rxh1 
Qxh1 {(+10.54)} 74.Nd4+ Kc3 75.Nxf5 Qh3+ 76.Ke4 Qxf5+ 77.Kxf5 Kd3 {und} 0-1

[Event "Treppenturnier 2023"]
[Site "Turnierstufe"]
[Date "2024.07.10"]
[Round "35-4"]
[White "Scorpio sel. 4"]
[Black "Mach III 20 MHz"]
[Result "1-0"]
[WhiteElo "2062"]
[BlackElo "2024"]
[PlyCount "106"]

1.e4 e5 2.Nf3 Nc6 3.Nc3 Nf6 4.Bc4 Nxe4 {Buchende!} 5.O-O {Buchende.} 5...Ng5 $2 
{Wie sagte schon der Schachexperte Kishon Chesster: "Jaja, Eröffnungen müsste
man können..."} 6.Nxg5 Qxg5 7.d4 Qh4 8.Nb5 Bd6 9.f4 e4 10.d5 Na5 11.Qd4 f5 $2 
12.Be2 b6 13.Nxd6+ cxd6 14.Qxg7 Rf8 15.Bd2 ( 15.b4 Nb7 16.Bb2 {... ist noch
besser.} ) 15...Qf6 16.Qxh7 Qxb2 17.Qg6+ Ke7 18.Be1 Qf6 19.Qxf6+ Kxf6 20.Bxa5 
bxa5 21.Rab1 {Die Stellung von Schwarz sieht gar nicht gut aus.} 21...Rg8 
22.Kf2 Rh8 23.h3 Rh4 24.Ke3 a6 25.Rh1 Ra7 26.g4 Rc7 27.g5+ Ke7 28.c4 Rb7 
29.Rxb7 Bxb7 30.a3 Kf7 31.Bf1 ( {Oder} 31.Kf2 a4 ( 31...Rxf4+ 32.Kg3 Rf3+ 
33.Bxf3 {...} ) 32.Kg3 Rh8 33.Rb1 Ba8 34.h4 Rc8 35.h5 {...} ) 31...Ba8 32.Rh2 
Bb7 33.Rb2 Bc8 34.Rb8 Rh8 35.h4 Kg6 36.a4 Rxh4 {Mach III bleiben nur noch
Verlustzüge.} ( 36...Kh5 37.Be2+ Kxh4 38.Kf2 e3+ 39.Kg2 Rg8 40.Rb1 {...} ) ( 
36...Kf7 37.Be2 Kg7 38.h5 {...} ) 37.Rxc8 Rh1 38.Be2 Rh3+ 39.Kd2 Kf7 40.Ra8 Ke7 
41.Rxa6 Rh4 42.Ra8 Kf7 ( 42...Rxf4 $2 43.Bh5 Rf2+ 44.Ke1 Rf1+ 45.Kxf1 f4 
46.Re8# ) 43.Rxa5 Rxf4 44.Bh5+ Kf8 45.Ra8+ Kg7 46.Rd8 Rf2+ 47.Ke3 Rg2 48.Rxd7+ 
Kh8 49.g6 Rc2 50.g7+ Kg8 51.Bg6 Rg2 52.Bxf5 Rg3+ 53.Kxe4 {(+10.69)} 53...Rxg7 
{(-9,99) Aufgabe.} 1-0

[Event "Treppenturnier 2023"]
[Site "Turnierstufe"]
[Date "2024.07.11"]
[Round "36-1"]
[White "Scorpio sel. 4"]
[Black "Reflection II max Rebel 5.0"]
[Result "0-1"]
[WhiteElo "2071"]
[BlackElo "2080"]
[PlyCount "117"]

1.f4 d5 {Buchende.} 2.e3 {Buchende.} 2...Bf5 3.Nf3 e6 4.Nc3 Bd6 5.b3 $1 
{Scorpio ist nicht dumm.} 5...Nf6 6.Bb2 O-O 7.Nb5 Be7 8.Be2 c5 9.c4 a6 10.Na3 
d4 11.Ne5 dxe3 12.dxe3 Qa5+ 13.Qd2 Qxd2+ 14.Kxd2 Rd8+ 15.Ke1 Nbd7 {Der schnelle
Rebel spielt aktiv und rechnet locker 9 Halbzüge durch. Scorpio hat Mühe, seine
Stellung zusammenzuhalten.} 16.Nxd7 Rxd7 17.Rd1 Rxd1+ 18.Kxd1 Ne4 19.Kc1 Nf2 
20.Re1 Rd8 21.Bc3 Nd3+ 22.Bxd3 Rxd3 23.Kb2 Be4 24.Re2 b6 25.Nb1 Rd1 26.Nd2 Bd3 
27.Rf2 Re1 28.Rf3 Re2 29.Rg3 Bg6 30.Kc1 Bh4 31.Kd1 Rxd2+ 32.Kxd2 Bxg3 33.hxg3 
$10 {Scorpio kann froh sein, dass er sich nach dem schwarzen Druck nur einen
Doppelbauern eingehandelt hat. So wird's wohl ein Remis.} 33...f6 34.g4 Be4 
35.g3 Kf7 36.a4 $6 ( 36.a3 {Bauern auf die schwarzen Felder.} ) 36...Bf3 37.g5 
fxg5 38.fxg5 Kg6 39.Be5 Kxg5 40.Bc7 ( {Warum nicht zunächst} 40.Bxg7 {?} ) 
40...Kg4 41.Bxb6 $6 {Es wird doch noch gefährlich für Weiß, denn Rebels Bauern
sind schneller - unterstützt vom König.} 41...Kxg3 42.Bxc5 Kg4 $2 {Verspielt
sein Tempo. Er kann halt nicht so weit rechnen.} ( 42...g5 $1 {und z.B.} 
43.Bd6+ Kg2 44.b4 Be4 45.b5 h5 46.c5 axb5 47.axb5 g4 48.c6 g3 49.Kc3 h4 50.Kd4 
Kf3 51.c7 Bb7 {... und Schwarz gewinnt.} ) 43.b4 h5 44.Bd6 Bg2 {Die Zwei sollten
sich auf eine Punkteteilung einigen, ein schwarzer Sieg wäre purer Zufall. Ab
jetzt keine Zugsymbole mehr.} ( {So könnte Schwarz gewinnen:} 44...Be4 45.Ke2 
h4 46.Kf2 g5 47.Be7 Kh5 48.Bf6 g4 49.Be5 Kg5 50.b5 axb5 51.cxb5 Kf5 52.Bf4 e5 
53.Bh2 Bd5 54.b6 Bb7 55.a5 Ke4 56.a6 Bxa6 57.Kg2 g3 58.Bxg3 hxg3 59.b7 Bxb7 
60.Kxg3 Kxe3 {...} ) 45.b5 axb5 46.axb5 g5 47.c5 Bf1 48.b6 Bg2 49.Kd3 Bc6 
50.Kc4 {Nun sollte Rebel doch noch gewinnen.} 50...Kh3 {Oder auch nicht.} 51.b7 
{Oder doch?} 51...Bxb7 52.Kb5 {Doch!} 52...h4 53.c6 Bxc6+ {Das war's, Scorpio
kann aufgeben.} 54.Kxc6 g4 55.Kd7 g3 56.e4 Kg4 57.Kxe6 h3 58.Bxg3 Kxg3 59.e5 
{Resign - You win.} 0-1

[Event "Treppenturnier 2023"]
[Site "Turnierstufe"]
[Date "2024.07.12"]
[Round "36-2"]
[White "Reflection II max Rebel 5.0"]
[Black "Scorpio sel. 4"]
[Result "1-0"]
[WhiteElo "2089"]
[BlackElo "2062"]
[PlyCount "90"]

1.e4 e5 2.Nf3 Nc6 3.Bb5 a6 4.Bxc6 dxc6 5.d4 exd4 6.Qxd4 Qxd4 {Buchende.} 7.Nxd4 
Bd7 8.O-O O-O-O {Buchende.} 9.Bf4 Nf6 10.Nd2 Bc5 11.N4b3 Bb6 12.Bg5 h6 13.Bxf6 
gxf6 {Rebel demoliert die schwarze Bauernstruktur...} 14.Nc4 Rhe8 15.Nxb6+ cxb6 
16.Rfe1 Be6 17.f3 Bxb3 {... und Scorpio die weiße.} 18.cxb3 Rd2 19.Rab1 Red8 
20.Rf1 Kc7 21.Rf2 R8d4 22.Rbf1 Rxf2 23.Rxf2 Rd1+ 24.Rf1 Rd3 25.g4 Kd6 26.h4 $6 
Ke5 {Der starke König.} 27.b4 Rd2 ( {Besser:} 27...Kf4 ) 28.Rf2 Rd3 29.Kf1 Rd1+ 
30.Kg2 Kf4 31.Re2 Rd4 32.b3 Ke5 $6 ( 32...Rd3 {oder} ) ( 32...b5 {.} ) 33.Kg3 
Rxb4 34.Rd2 Rd4 $2 {Verliert!} 35.f4+ $1 Kxe4 $2 36.Rxd4+ $1 Kxd4 37.h5 $1 
{(+0.54)} 37...Ke4 {(+01.04)} 38.g5 $1 fxg5 39.fxg5 Kf5 40.gxh6 Kf6 41.Kg4 b5 
42.Kf3 a5 43.Ke4 a4 44.Kd4 {(+6.36) Rebel hat richtig gespielt. Nun erst wissen
aber beide, dass Weiß gewinnt.} 44...b6 {(-6.99)} 45.b4 a3 {Resign -You win.
Scorpio gibt auf.} 1-0

[Event "Treppenturnier 2023"]
[Site "Turnierstufe"]
[Date "2024.07.16"]
[Round "36-3"]
[White "Scorpio sel. 4"]
[Black "Reflection II max Rebel 5.0"]
[Result "0-1"]
[WhiteElo "2053"]
[BlackElo "2098"]
[PlyCount "89"]

1.d4 d5 2.c4 e6 3.Nc3 Nf6 4.Nf3 Be7 5.Bf4 {Buchende! Da hat Scorpio eine Lücke.} 
5...O-O {Buchende.} 6.cxd5 exd5 7.Rc1 Nc6 8.a3 Be6 9.Nb5 Ne8 10.e3 a6 11.Nc3 
Bd6 12.Bxd6 Nxd6 13.Bd3 f5 14.O-O Re8 15.b4 Ne4 16.Na4 Bf7 17.Nc5 Nxc5 18.bxc5 
$6 {Verstellt sich selbst die c-Linie.} 18...Qf6 19.Qc2 g6 20.Rb1 Rab8 21.Qc3 
f4 22.exf4 Qxf4 23.Rfe1 Rxe1+ 24.Rxe1 b5 25.Bb1 $6 ( {Vielleicht doch besser} 
25.cxb6 Rxb6 {...} ) 25...b4 {Rebell weiß, was ein entfernter Freibauer ist.} 
26.axb4 Rxb4 27.Rd1 a5 28.Ba2 h6 29.Kh1 {Wenn einem nicht anderes einfällt ...} 
29...g5 30.Qe3 $2 {Nicht gut. Rebel zeigt warum.} 30...Qxe3 31.fxe3 a4 32.h4 
Rb2 33.Ra1 g4 34.Nh2 h5 35.Nf1 a3 36.Bb1 Kg7 37.Kh2 Nb4 38.Bf5 a2 39.Ng3 Bg6 
{Rebel spielt das gnadenlos gut herunter.} 40.Rf1 Rf2 ( {Oder, noch besser:} 
40...Bxf5 41.Nxf5+ {und dann z.B.} 41...Kf6 42.Nh6+ Ke6 43.Ng8 Rb1 44.Rf6+ Kd7 
45.Kg3 a1=Q {...} ) 41.Ra1 Rxf5 42.Ne2 Rf2 43.Nc3 Rc2 44.Nd1 Be4 45.Kg1 {Resign
- You win. Scorpio gibt auf.} ( 45.Kg1 {Matt in 7} 45...g3 46.Nc3 Bxg2 47.Rd1 
Bf3 48.Ne4 dxe4 49.Rf1 Rg2+ 50.Kh1 Rh2+ 51.Kg1 Rh1# ) 0-1

[Event "Treppenturnier 2023"]
[Site "Turnierstufe"]
[Date "2024.07.18"]
[Round "36-4"]
[White "Reflection II max Rebel 5.0"]
[Black "Scorpio sel. 4"]
[Result "1-0"]
[WhiteElo "2107"]
[BlackElo "2044"]
[PlyCount "131"]

1.Nf3 {Buchende!} 1...b5 {Ob Scorpio den Rebellen auf diese Weise aushebeln
kann? Fraglich, denn auch das Novag-Buch ist hier zu Ende.} 2.e4 a6 3.d4 
{Wieder aus dem Buch:} 3...Bb7 4.Bd3 Nf6 {Erneut Buchende.} 5.e5 Ng8 $6 6.a4 
bxa4 7.Rxa4 e6 8.O-O {Wie will der Novag diesen Entwicklungsrückstand aufholen?} 
8...f5 9.Nc3 Ne7 10.Bg5 h6 11.Bh4 $6 ( {Stärker ist} 11.Bxe7 ) 11...g5 12.Nd2 
Bg7 ( {Scorpio sieht, dass} 12...gxh4 $2 13.Qh5+ Ng6 14.Qxg6+ {usw. verliert.} 
) 13.Qh5+ Kf8 14.Bg3 Bc6 {(+00.80) Gegen den Taktiker Scorpio muss Rebel nun
zeigen, dass er den Durchblick behält.} 15.Raa1 {(-1.07)} 15...f4 16.h4 d6 ( 
16...fxg3 $2 17.fxg3+ Nf5 18.Bxf5 exf5 19.Rxf5+ Kg8 20.Nce4 Bxe4 21.Nxe4 Rh7 
22.Qg6 Kh8 23.Rf7 Qg8 24.Nf6 Bxf6 25.Qxf6+ Rg7 26.Rf8 {...} ) 17.exd6 cxd6 
18.Bh2 Bxd4 19.hxg5 Be8 20.Qf3 hxg5 21.Ne2 Nbc6 22.Bxf4 Nf5 ( 22...gxf4 23.Nxf4 
Kf7 24.Ng6+ Nf5 25.Bxf5 exf5 26.Qxf5+ {...} ) 23.Bxf5 exf5 24.Qd3 ( 24.Be3 ) 
24...gxf4 25.Nxd4 Qh4 26.f3 Qh2+ 27.Kf2 Qg3+ 28.Ke2 Nxd4+ 29.Qxd4 Rh6 30.Kd1 
Qg5 31.Rg1 a5 32.Nc4 {Auch auf dem Terrain der Taktik ist Rebel dem Gegner
ebenbürtig.} 32...a4 33.Nb6 Rd8 34.Nxa4 Ra8 35.Ra3 Qg7 36.Qxg7+ Kxg7 37.Nc3 
Rxa3 38.bxa3 Kf6 39.Ke2 Bc6 40.a4 Bb7 41.Rb1 Ba6+ 42.Kf2 Ke5 43.Nb5 Bb7 44.a5 
d5 45.Nc7 Bc8 46.Rb8 Bd7 47.a6 Rc6 48.a7 Rxc2+ 49.Kg1 Bc6 50.Rb6 Rc1+ 51.Kh2 
Rc2 52.Nb5 Ba8 53.Rb8 Bc6 54.Rc8 d4 55.Rxc6 Ra2 {(-07.47)} 56.Nc7 {(+9.99)} 
56...d3 57.Na6 Rc2 58.a8=Q Rxc6 59.Qxc6 d2 60.Qd7 d1=Q 61.Qxd1 Kf6 62.Qd6+ Kg5 
63.Nc7 {Mattankündigung.} 63...Kh5 64.Nd5 Kg5 65.Qf6+ Kh5 66.Nxf4# 1-0